Statistics for Snake Quiz

Click here to take the quiz!

General Stats

  • This quiz has been taken 425 times
  • The average score is 8 of 15

Answer Stats

HintAnswer% Correct
True or False ' A snake eats its prey whole'True
88%
True or False "A snake sheds always its skin in bits"False
84%
What does a snake smell with?Tongue
76%
Ball Pythons are found in which continent?Africa
70%
The Anaconda is the ........ snake In the worldHeaviest
65%
Name the worlds longest species of snakeReticulated python
65%
What is a common name for a snake that eats other snakes?King
63%
Also known as "Royal Python"Ball python
60%
What is the most venomous snake in the world?Taipan
60%
A milk Snake can often be confused with what Highly venomous snake?Coral Snake
55%
Most common in the pet tradeCorn snake
50%
The British Isles has three native snakes but which is venomous?Adder
39%
What is the sixth largest snake in the world?Boa Constrictor
36%
For a snake to shed its skin it usually takes?A couple of weeks
19%
What is the Burmese Python a subspecies of?Indian Python
12%

Score Distribution

Percentile by Number Answered

Percent of People with Each Score

Your Score History

You have not taken this quiz